<?xml version='1.0' encoding='UTF-8'?><?xml-stylesheet href='static/style.xsl' type='text/xsl'?><OAI-PMH xmlns="http://www.openarchives.org/OAI/2.0/" xmlns:xsi="http://www.w3.org/2001/XMLSchema-instance" xsi:schemaLocation="http://www.openarchives.org/OAI/2.0/ http://www.openarchives.org/OAI/2.0/OAI-PMH.xsd"><responseDate>2026-04-30T15:17:22Z</responseDate><request verb="GetRecord" identifier="oai:ebiltegia.mondragon.edu:20.500.11984/4411" metadataPrefix="marc">https://ebiltegia.mondragon.edu/oai/request</request><GetRecord><record><header><identifier>oai:ebiltegia.mondragon.edu:20.500.11984/4411</identifier><datestamp>2024-01-04T21:56:57Z</datestamp><setSpec>com_20.500.11984_1736</setSpec><setSpec>com_20.500.11984_1627</setSpec><setSpec>col_20.500.11984_1972</setSpec></header><metadata><record xmlns="http://www.loc.gov/MARC21/slim" xmlns:dcterms="http://purl.org/dc/terms/" xmlns:xsi="http://www.w3.org/2001/XMLSchema-instance" xmlns:doc="http://www.lyncode.com/xoai" xsi:schemaLocation="http://www.loc.gov/MARC21/slim http://www.loc.gov/standards/marcxml/schema/MARC21slim.xsd">
   <leader>00925njm 22002777a 4500</leader>
   <datafield ind2=" " ind1=" " tag="042">
      <subfield code="a">dc</subfield>
   </datafield>
   <datafield ind2=" " ind1=" " tag="720">
      <subfield code="a">Mondragon Unibertsitatea</subfield>
      <subfield code="e">author</subfield>
   </datafield>
   <datafield ind2=" " ind1=" " tag="260">
      <subfield code="c">2015-10-20</subfield>
   </datafield>
   <datafield ind2=" " ind1=" " tag="520">
      <subfield code="a">Haur Hezkuntza eta Lehen Hezkuntza graduko 4. mailako ikasleak joan dira azken kurtsoan egin behar dituzten lehen praktika txanda egitera. Hala, hiru hilabeterako, guztira, gradu horietako 172 ikasle ibiliko dira praktikak egiten ikastetxe eta hezkuntza berezietako zentruetan;  horietatik guztietatik, gainera, 17 Europa barrena ibiliko dira, eta beste 24 Latinamerikan. Laugarren mailakoak lehenak dira praktika garaia hasten, ondoren, 2. eta 3. mailako ikasleek ekingo diote praktikei.</subfield>
   </datafield>
   <datafield ind2=" " ind1=" " tag="520">
      <subfield code="a">Son 172 los estudiantes de cuarto curso de Educación primaria y Educación infantil los que han iniciado la temporada de practicas del presente curso académico. De ellos, 17 harán las practicas en Europa, 24 en Latinoamérica y el resto en escuelas y centros de educación especial del País Vasco. Más adelante, serán los estudiantes de 2. y 3. curso los que se desplacen a realizar las practicas obligatorias.</subfield>
   </datafield>
   <datafield ind1="8" ind2=" " tag="024">
      <subfield code="a">https://hdl.handle.net/20.500.11984/4411</subfield>
   </datafield>
   <datafield tag="653" ind2=" " ind1=" ">
      <subfield code="a">Humanitate eta Hezkuntza Zientzien Fakultatea</subfield>
   </datafield>
   <datafield ind2="0" ind1="0" tag="245">
      <subfield code="a">Laugarren mailako 172 ikasleek eman diote hasiera ikasturte honetako Hezkuntza graduetako praktikaldiei</subfield>
   </datafield>
   <datafield ind2="0" ind1="0" tag="245">
      <subfield code="a">Los 172 estudiantes de cuarto curso dan inicio a la temporada de practicas en los grados de Educación primaria y Educación infantil</subfield>
   </datafield>
</record></metadata></record></GetRecord></OAI-PMH>